Culture Générale Française - la sélection d'Anna #1 - Statistiques

Statistiques générales
  • Ce quiz a été pris 50 fois
  • Le résultat moyen est 12 sur 20
Statistiques - réponses
Question Réponse % Correct
En France, sous quel nom connaît-on mieux la savante polonaise Maria Skłodowska ? Marie Curie
93%
Quelle ville française fut la résidence officielle du Pape de 1309 à 1378 (voire 1418) ? Avignon
86%
Quel titre, homonyme d'un animal, porte l'héritier du trône de France ? Dauphin
84%
Quel révolutionnaire a été assassiné par Charlotte Corday dans une baignoire ? Jean-Paul Marat
75%
Quel entreprise française développe les jeux vidéos Rayman et Assassin's Creed ? Ubisoft
73%
Quel adjectif, synonyme d'absurde, est dérivé d'un personnage du dramaturge Alfred Jarry ? {Ubu}esque
73%
Quel nom désigne le peuple autochtone de la Nouvelle-Calédonie ? Kanak
70%
Quelle course, organisée tous les quatre ans, relie Saint-Malo à la Guadeloupe ? Route du Rhum
68%
À quel mouvement cinématographique Truffaut, Godard et Rohmer appartenaient-ils ? Nouvelle Vague
66%
Quel cardinal succéda à celui de Richelieu en 1643 ? Jules Mazarin
61%
Quel défenseur a marqué un doublé lors de la demi-finale de la coupe du monde 1998 ? Lilian Thuram
61%
Quel évènement est survenu le 24 août 1572, entraînant la mort d'environ 20 000 personnes ? Massacre de laSaint-Barthélémy
61%
Outre Mayotte, quel est le seul département français à majorité musulmane ? Seine-Saint-Denis
61%
De quelle ville française la gare est-elle le centre du monde, selon Salvador Dali ? Perpignan
52%
Au XXème siècle, où pouvait-on régulièrement entendre « À vous Cognacq-Jay » ? À la télévision
45%
Dans quel territoire d'outre-mer français trouve-t-on encore trois rois reconnus par l'État ? Wallis-et-Futuna
45%
Quel journal titra « Bal tragique à Colombey – 1 mort » à la mort du général de Gaulle ? Hara-Kiri
43%
Qui est, à ce jour, la seule personne à avoir obtenu deux fois le Prix Goncourt ? Romain Gary
41%
De quel mouvement pictural Henri Matisse est-il généralement désigné comme le chef de file ? Fauvisme
30%
Quelle chanteuse canadienne a placé 21 chansons au sommet du top 50 en France,soit 12 de plus que son dauphin Johnny Hallyday ? Mylène Farmer
25%
Aucun quiz correspondant
Distribution des résultats
% des personnes avec chaque résultat
Percentile par nombre de réponses
Votre historique - résultats
Vous n’avez pas pris ce quiz